[Event "Mondiale Semilampo FIDE 2024"]
[Site "New York"]
[Date "26.12.2024"]
[Round "5.14"]
[White "Durarbayli, Vasif"]
[Black "Yu, Yangyi"]
[Result "1/2-1/2"]
[WhiteTitle "GM"]
[BlackTitle "GM"]
[WhiteElo "2622"]
[BlackElo "2724"]
[WhiteFideId "13402935"]
[BlackFideId "8603820"]
[EventDate "26.12.2024"]

1. e4 e5 2. Nf3 Nc6 3. d4 exd4 4. Nxd4 Bc5 5. Nb3 Bb6 6. Qe2 d6 7. Nc3 Nf6 8.
Be3 Qe7 9. O-O-O Be6 10. g3 O-O-O 11. Bg2 Rhe8 12. h3 Kb8 13. Rhe1 Nd7 14. f4
Bxe3+ 15. Qxe3 Nb6 16. Qf2 f6 17. Nd4 Nxd4 18. Rxd4 Bd7 19. Red1 Bc6 20. a4 a6
21. b3 g5 22. Kb2 gxf4 23. gxf4 Rg8 24. Bf1 Qg7 25. a5 Nd7 26. Bc4 Qg2 27. Qh4
Qg3 28. Qh6 Qg6 29. Qh4 Qg3 30. Qh6 Qg6 31. Qh4 Qg3 1/2-1/2

[Event "Mondiale Semilampo FIDE 2024"]
[Site "New York"]
[Date "26.12.2024"]
[Round "5.16"]
[White "Nogerbek, Kazybek"]
[Black "Praggnanandhaa, R"]
[Result "1-0"]
[WhiteTitle "GM"]
[BlackTitle "GM"]
[WhiteElo "2527"]
[BlackElo "2737"]
[WhiteFideId "13710427"]
[BlackFideId "25059530"]
[EventDate "26.12.2024"]

1. d4 e6 2. Nf3 Nf6 3. c4 Bb4+ 4. Bd2 Qe7 5. e3 b6 6. Be2 Bb7 7. O-O O-O 8. a3
Bxd2 9. Nfxd2 c5 10. Bf3 d6 11. Nc3 Nc6 12. Nde4 Ne8 13. Ng3 Rc8 14. d5 Ne5 15.
Be2 exd5 16. cxd5 f5 17. f4 Nd7 18. Qd2 Nc7 19. Rae1 Qf6 20. e4 g6 21. exf5 gxf5
22. Bd3 Kh8 23. Bxf5 Rcd8 24. Nce4 Qg7 25. Nh5 Qd4+ 26. Qxd4+ cxd4 27. Nxd6 Bxd5
28. Re7 Nc5 29. Rxh7+ Kg8 30. Re1 Rxd6 31. Rxc7 Bf7 32. Ng3 d3 33. b4 d2 34. Rd1
Re8 35. Rc8 Rxc8 36. Bxc8 Bb3 37. bxc5 bxc5 38. Ne4 Bxd1 39. Nxd6 Be2 40. Be6+
Kf8 41. Bb3 Ke7 42. Ne4 c4 43. Nxd2 1-0

[Event "Mondiale Semilampo FIDE 2024"]
[Site "New York"]
[Date "26.12.2024"]
[Round "5.17"]
[White "Giri, Anish"]
[Black "Donchenko, Alexander"]
[Result "1-0"]
[WhiteTitle "GM"]
[BlackTitle "GM"]
[WhiteElo "2733"]
[BlackElo "2618"]
[WhiteFideId "24116068"]
[BlackFideId "24603295"]
[EventDate "26.12.2024"]

1. c4 Nf6 2. g3 e6 3. Bg2 d5 4. Nf3 d4 5. d3 Bb4+ 6. Nbd2 a5 7. Ne5 Nfd7 8. Nxd7
Qxd7 9. O-O O-O 10. Nf3 Nc6 11. Qa4 Qe7 12. a3 Ra6 13. Bg5 f6 14. axb4 axb4 15.
Qb5 Rb6 16. Bxf6 gxf6 17. Qh5 Bd7 18. Nxd4 Ne5 19. Nb3 f5 20. c5 Rb5 21. d4 Ng4
22. h3 Be8 23. Qh4 Qxh4 24. gxh4 Nf6 25. Rfc1 Bc6 26. d5 exd5 27. Nd4 Ne4 28.
Bxe4 fxe4 29. Ra7 Rb8 30. b3 Kf7 31. f4 exf3 32. exf3 Kg6 33. Kf2 Kh5 34. Ra4
Re8 35. Nxb5 Bxb5 36. Rxb4 Re2+ 37. Kg3 c6 38. Rf4 Bd3 39. Rf7 Bc2 40. Rxb7 d4
41. b4 h6 42. Rd7 d3 43. Rd6 Re5 44. Ra1 Re8 45. Rxc6 d2 46. Rd6 Re1 47. Rxd2 1-0

[Event "Mondiale Semilampo FIDE 2024"]
[Site "New York"]
[Date "26.12.2024"]
[Round "5.18"]
[White "Bjerre, Jonas Buhl"]
[Black "Dubov, Daniil"]
[Result "1/2-1/2"]
[WhiteTitle "GM"]
[BlackTitle "GM"]
[WhiteElo "2642"]
[BlackElo "2693"]
[WhiteFideId "1444948"]
[BlackFideId "24126055"]
[EventDate "26.12.2024"]

1. e4 c5 2. Nf3 d6 3. Bc4 Nc6 4. O-O Nf6 5. Re1 e6 6. Bb5 Bd7 7. c3 a6 8. Bf1 e5
9. h3 g5 10. Nxg5 Rg8 11. d4 h6 12. Nxf7 Qe7 13. Bc4 cxd4 14. cxd4 Nxd4 15.
Nxd6+ Qxd6 16. Bxg8 Nxg8 17. Qh5+ Ke7 18. Nc3 Nf6 19. Qh4 Kf7 20. Bxh6 Bxh6 21.
Qxh6 Rg8 22. Re3 Rg6 23. Qh4 Qb4 24. Rg3 Nf5 25. Nd5 Qd4 26. exf5 Qxh4 27. fxg6+
Kg7 28. Nxf6 Qxf6 29. Re1 Bf5 30. h4 Qxh4 31. Rxe5 Qf6 32. Rc5 Qxb2 33. Rc7+ Kg8
34. g7 Qd2 35. Rxb7 Qc1+ 36. Kh2 Qh6+ 37. Kg1 Qc1+ 38. Kh2 Qf4 39. Rf7 Qh4+ 40.
Kg1 Qxg3 41. fxg3 Kxf7 42. Kf2 Be6 43. g8=Q+ Kxg8 44. Ke3 Bxa2 45. Kd2 Kf7 46.
Kc3 a5 47. Kb2 Bd5 48. Ka3 Bc6 49. Kb2 Ke6 50. g4 Kd5 51. g5 Be8 52. g6 Bxg6 53.
g4 Kc4 54. g5 Kb4 55. Ka1 Kb3 1/2-1/2

[Event "Mondiale Semilampo FIDE 2024"]
[Site "New York"]
[Date "26.12.2024"]
[Round "5.19"]
[White "Deac, Bogdan-Daniel"]
[Black "Petrosian, Tigran L."]
[Result "1/2-1/2"]
[WhiteTitle "GM"]
[BlackTitle "GM"]
[WhiteElo "2696"]
[BlackElo "2551"]
[WhiteFideId "1226380"]
[BlackFideId "13301616"]
[EventDate "26.12.2024"]

1. e4 g6 2. d4 Bg7 3. Nf3 d6 4. Nc3 a6 5. Bd3 Nc6 6. Be3 Bg4 7. Be2 Bxf3 8. Bxf3
e5 9. dxe5 Nxe5 10. Be2 Nf6 11. a4 O-O 12. O-O Re8 13. Re1 Qd7 14. Bf1 Nc6 15.
f3 Rad8 16. Bf2 d5 17. Nxd5 Nxd5 18. Qxd5 Qxd5 19. exd5 Rxe1 20. Rxe1 Rxd5 21.
c3 Bf8 22. b4 Rd8 23. Bg3 Bd6 24. Bh4 Rf8 25. Bf6 a5 26. bxa5 Nxa5 27. g3 b6 28.
Bb5 Nb7 29. Kg2 Nc5 30. f4 Ra8 31. Bc6 Rb8 32. Kh3 Bf8 33. Bd4 Ne6 34. Bf2 Rd8
35. Re2 Rd3 36. Kg2 Bg7 37. c4 Bd4 38. Be1 Bf6 39. Bd5 Nd4 40. Re8+ Kg7 41. a5
bxa5 42. Bxa5 Nf5 43. Bb4 Nd6 44. Ra8 Be7 45. Ra7 Nf5 46. Bxe7 Nxe7 47. Bf3 Rd7
48. c5 Nf5 49. Be4 Nd4 50. c6 Re7 51. Bd5 h5 52. Kf2 Kf6 53. Ra4 Re2+ 54. Kf1
Rd2 55. Ke1 Rd3 56. Kf2 Nf5 57. Be4 Rd2+ 58. Kf3 Nd6 59. Ra7 Rd4 60. Bb1 Rd1 61.
Be4 Rd4 62. Bb1 Rd1 63. Be4 Rf1+ 64. Kg2 Rc1 65. Bf3 Nb5 66. Rb7 Rc2+ 67. Kg1
Nd4 68. Be4 Re2 69. Bd5 Re7 70. Kf2 Nf5 71. h3 Nd6 72. Ra7 Nb5 73. Rb7 Nd6 74.
Ra7 h4 75. g4 g5 76. fxg5+ Kxg5 77. Bf3 Nc4 78. Ra4 Ne5 79. Ra5 f5 80. gxf5 Kxf5
81. Bg2 Re8 82. Bd5 Nd3+ 83. Kf3 Ne1+ 84. Kf2 Re5 85. Ra3 Nc2 86. Rf3+ Kg5 87.
Ba2 Nd4 88. Rd3 Nxc6 89. Rd7 Nb4 90. Bc4 c5 91. Rg7+ Kf5 92. Rh7 Kg5 93. Rg7+
Kf6 94. Rg4 Rh5 95. Be2 Ke5 96. Rc4 Rf5+ 97. Ke1 Kd6 98. Rxh4 Nd5 99. Rh6+ Ke5
100. Rh5 Rxh5 101. Bxh5 Nf4 102. Bg4 Nxh3 103. Bxh3 c4 104. Kd2 c3+ 105. Kxc3 1/2-1/2

[Event "Mondiale Semilampo FIDE 2024"]
[Site "New York"]
[Date "26.12.2024"]
[Round "5.23"]
[White "Pranav, V"]
[Black "Ivanchuk, Vasyl"]
[Result "1-0"]
[WhiteTitle "GM"]
[BlackTitle "GM"]
[WhiteElo "2621"]
[BlackElo "2630"]
[WhiteFideId "25060783"]
[BlackFideId "14100010"]
[EventDate "26.12.2024"]

1. e4 e5 2. d4 exd4 3. Qxd4 Nc6 4. Qc4 Bb4+ 5. Nc3 d6 6. Bd2 Nf6 7. O-O-O O-O 8.
Nge2 Bc5 9. Bg5 Bxf2 10. Nd5 Be6 11. Bxf6 gxf6 12. Qc3 Ne5 13. Nxc7 Rc8 14. Nxe6
fxe6 15. Qb3 Re8 16. Nf4 Qb6 17. g3 Kf7 18. Bb5 Re7 19. Rhf1 Qe3+ 20. Kb1 Qxb3
21. axb3 Bc5 22. Nh5 Kg6 23. Nxf6 Rf8 24. Nd5 Ref7 25. Nf4+ Kf6 26. b4 Bb6 27.
Rxd6 1-0

[Event "Mondiale Semilampo FIDE 2024"]
[Site "New York"]
[Date "26.12.2024"]
[Round "5.24"]
[White "Bortnyk, Olexandr"]
[Black "Gan-Erdene, Sugar"]
[Result "0-1"]
[WhiteTitle "GM"]
[BlackTitle "IM"]
[WhiteElo "2603"]
[BlackElo "2437"]
[WhiteFideId "14120828"]
[BlackFideId "4902980"]
[EventDate "26.12.2024"]

1. e4 c5 2. Nf3 d6 3. Bc4 Nf6 4. d3 Nc6 5. h3 g6 6. Nc3 Bg7 7. O-O O-O 8. a3 a6
9. Bg5 b5 10. Ba2 h6 11. Be3 Bb7 12. Nd2 e5 13. f4 exf4 14. Rxf4 b4 15. axb4
Nxb4 16. Bb3 Qe7 17. Qf3 Nh5 18. Rf1 Nxf4 19. Bxf4 Rad8 20. Qg3 d5 21. Nf3 c4
22. dxc4 dxc4 23. Ba4 Bc6 24. Bxc6 Nxc6 25. Re1 Nd4 26. Nxd4 Bxd4+ 27. Kh1 Bg7
28. Nd5 Qe6 29. c3 Rd7 30. Bd2 f5 31. Nf4 Qd6 32. Re2 g5 33. Nh5 Qxg3 34. Nxg3
fxe4 35. Kg1 Rb8 36. Be1 Rdb7 37. Rxe4 Rxb2 38. Nf5 Rc2 39. Re7 Bf8 40. Re4 Rbb2
41. Kf1 Rxg2 42. Rxc4 Rh2 43. Kg1 Rxh3 44. Bg3 Kf7 45. Rc6 a5 46. Be5 Rd3 47.
Rf6+ Ke8 48. Ng3 Bc5+ 49. Kh1 Rd1+ 50. Nf1 Bf2 51. c4 Rc2 52. Rxh6 Rxf1+ 53. Kg2
Re1 54. Bd6 g4 0-1

[Event "Mondiale Semilampo FIDE 2024"]
[Site "New York"]
[Date "26.12.2024"]
[Round "5.25"]
[White "Kobalia, Mikhail"]
[Black "Esipenko, Andrey"]
[Result "0-1"]
[WhiteTitle "GM"]
[BlackTitle "GM"]
[WhiteElo "2543"]
[BlackElo "2682"]
[WhiteFideId "4119150"]
[BlackFideId "24175439"]
[EventDate "26.12.2024"]

1. e4 e5 2. Nf3 Nc6 3. Bb5 a6 4. Ba4 Nf6 5. O-O Be7 6. d3 b5 7. Bb3 d6 8. a3 O-O
9. Nc3 Rb8 10. Nd5 Nxd5 11. Bxd5 Bd7 12. c3 Bf6 13. Be3 Ne7 14. Bb3 Ng6 15. Re1
a5 16. h3 a4 17. Ba2 Re8 18. Qd2 h6 19. Rad1 Be6 20. Bxe6 Rxe6 21. d4 exd4 22.
Bxd4 c5 23. Bxf6 Qxf6 24. Nh2 Nf4 25. Qe3 Rbe8 26. Qf3 h5 27. h4 c4 28. Rd4 Nd3
29. Qxf6 Rxf6 30. Re2 d5 31. e5 Rf5 32. Nf3 f6 33. Re3 Nxe5 34. Rxd5 Nxf3+ 35.
gxf3 Rxe3 36. Rxf5 Re5 37. Rf4 Re2 38. Rf5 Rxb2 39. Rxh5 Rb3 40. Rc5 Rxa3 41.
Rxb5 Rxc3 42. Ra5 a3 43. f4 Rc1+ 44. Kg2 Ra1 45. Kf3 c3 0-1

[Event "Mondiale Semilampo FIDE 2024"]
[Site "New York"]
[Date "26.12.2024"]
[Round "5.26"]
[White "Vakhidov, Jakhongir"]
[Black "Lu, Shanglei"]
[Result "0-1"]
[WhiteTitle "GM"]
[BlackTitle "GM"]
[WhiteElo "2546"]
[BlackElo "2609"]
[WhiteFideId "14201801"]
[BlackFideId "8603332"]
[EventDate "26.12.2024"]

1. c4 Nf6 2. Nc3 e6 3. e4 c5 4. Nf3 Nc6 5. d4 cxd4 6. Nxd4 Bb4 7. Nxc6 bxc6 8.
Bd3 e5 9. O-O O-O 10. h3 h6 11. Kh1 Re8 12. Be3 Bxc3 13. bxc3 d6 14. Qe2 c5 15.
Rae1 Bb7 16. Bd2 Bc6 17. Qf3 Rb8 18. Bc1 Re6 19. Qd1 Qa5 20. Qc2 Nd7 21. Be3 Qa4
22. Qd2 Nb6 23. Qe2 Rbe8 24. Rb1 Bb7 25. Bc2 Qa5 26. Rb5 Qxa2 27. Rfb1 Ba6 28.
R1b2 Qxc4 29. Bd3 Qxc3 30. Bd2 Qa3 31. R2b3 Qa4 32. Rb1 Bxb5 33. Bxb5 Qa2 34.
Qd1 Rd8 35. Bc3 Qxf2 36. Qd3 Rg6 37. Rg1 Rg3 0-1

[Event "Mondiale Semilampo FIDE 2024"]
[Site "New York"]
[Date "26.12.2024"]
[Round "5.27"]
[White "Svane, Frederik"]
[Black "Gelfand, Boris"]
[Result "1/2-1/2"]
[WhiteTitle "GM"]
[BlackTitle "GM"]
[WhiteElo "2668"]
[BlackElo "2657"]
[WhiteFideId "12923044"]
[BlackFideId "2805677"]
[EventDate "26.12.2024"]

1. e4 c5 2. Nf3 Nc6 3. Bb5 e6 4. c3 d5 5. d3 Bd7 6. O-O Bd6 7. exd5 exd5 8. c4
Nge7 9. Nc3 dxc4 10. dxc4 Bf5 11. Bxc6+ bxc6 12. Be3 O-O 13. Na4 Bd3 14. Re1
Bxc4 15. Bxc5 Bd5 16. Rc1 Ng6 17. Bxd6 Qxd6 18. Nc3 Nf4 19. g3 Ne6 20. Nxd5 cxd5 1/2-1/2

[Event "Mondiale Semilampo FIDE 2024"]
[Site "New York"]
[Date "26.12.2024"]
[Round "5.28"]
[White "Meier, Georg"]
[Black "Tsaruk, Maksim"]
[Result "0-1"]
[WhiteTitle "GM"]
[BlackTitle "IM"]
[WhiteElo "2599"]
[BlackElo "2424"]
[WhiteFideId "4675789"]
[BlackFideId "13511173"]
[EventDate "26.12.2024"]

1. Nf3 f5 2. c4 Nf6 3. Nc3 g6 4. d4 Bg7 5. e3 O-O 6. Be2 b6 7. O-O a5 8. Qb3 e6
9. Rd1 d6 10. Bd2 Qe7 11. Be1 h6 12. Rac1 Kh7 13. a3 Ba6 14. d5 e5 15. Qc2 Nbd7
16. b4 axb4 17. axb4 Bb7 18. Nb5 c6 19. Nc7 Ra3 20. Ne6 Rfa8 21. Nxg7 Kxg7 22.
Nd2 cxd5 23. cxd5 Bxd5 24. Bc4 Bb7 25. Bb3 d5 26. Nb1 Ra1 27. Qb2 Qd6 28. h3 Ne4
29. f3 Nef6 30. Qf2 Rc8 31. Qb2 Rxc1 32. Rxc1 Ra8 33. Rd1 Rc8 34. Nc3 Bc6 35.
Nxd5 Bxd5 36. e4 fxe4 37. fxe4 Nxe4 38. Rxd5 Qe7 39. Qe2 Ndf6 40. Rd3 Rc1 41.
Kh2 Ng5 42. Qe3 e4 43. Rc3 Qe5+ 44. Kg1 Rb1 45. Kf2 Ne6 46. Rc1 Qb2+ 47. Bd2
Qxb3 48. Rxb1 Qxb1 49. Qxb6 Qd3 50. Bxh6+ Kxh6 51. Qxe6 Qd2+ 52. Kg1 Qd4+ 53.
Kh2 e3 54. Qe7 Qf4+ 55. Kg1 Ne4 0-1

[Event "Mondiale Semilampo FIDE 2024"]
[Site "New York"]
[Date "26.12.2024"]
[Round "5.29"]
[White "Bilych, Oleksii"]
[Black "Grigoryan, Karen H."]
[Result "0-1"]
[WhiteTitle "IM"]
[BlackTitle "GM"]
[WhiteElo "2435"]
[BlackElo "2618"]
[WhiteFideId "14156504"]
[BlackFideId "13301004"]
[EventDate "26.12.2024"]

1. e4 c5 2. Nf3 d6 3. d4 cxd4 4. Nxd4 Nf6 5. Nc3 a6 6. Bg5 Nbd7 7. Qe2 g6 8.
O-O-O Bg7 9. f4 Qc7 10. g4 O-O 11. Bg2 e5 12. fxe5 Nxe5 13. h3 Be6 14. Rhf1 Bc4
15. Qf2 Bxf1 16. Bxf6 Bxf6 17. Qxf6 Bc4 18. Bf1 Qd8 19. Qxd8 Raxd8 20. Bxc4 Nxc4
21. Nd5 Kg7 22. b3 Ne5 23. Kd2 Nd7 24. Ne2 Nf6 25. Nxf6 Kxf6 26. Ke3 Rfe8 27. c4
Kg5 28. Nd4 Kf6 29. Kf4 Re7 30. Ne2 Kg7 31. a4 f6 32. Nc3 Kf7 33. Rd4 Re5 34.
Nd5 h5 35. a5 hxg4 36. hxg4 Rh8 37. Kg3 Rh1 38. b4 Re1 39. Kf3 f5 40. gxf5 gxf5
41. Nc3 Ke6 42. Kf2 Rc1 43. Ne2 Rc2 44. Ke3 fxe4 45. Nf4+ Kf5 46. Rxd6 Rxc4 47.
Nd5 Re8 48. Rb6 Ke5 49. Nf6 Rc3+ 50. Kd2 Rd3+ 51. Ke2 Rc8 52. Ng4+ Kf4 53. Nf2
Rc2+ 54. Ke1 Re3+ 55. Kf1 Rf3 56. Rf6+ Ke3 0-1

[Event "Mondiale Semilampo FIDE 2024"]
[Site "New York"]
[Date "26.12.2024"]
[Round "5.30"]
[White "Dudin, Gleb"]
[Black "Bluebaum, Matthias"]
[Result "0-1"]
[WhiteTitle "GM"]
[BlackTitle "GM"]
[WhiteElo "2506"]
[BlackElo "2650"]
[WhiteFideId "34184934"]
[BlackFideId "24651516"]
[EventDate "26.12.2024"]

1. d4 d5 2. c4 e6 3. Nc3 Bb4 4. cxd5 exd5 5. Bf4 c5 6. a3 Bxc3+ 7. bxc3 Nf6 8.
e3 Qa5 9. Ne2 O-O 10. f3 cxd4 11. exd4 Bd7 12. a4 Nc6 13. Kf2 Rfe8 14. g4 Rac8
15. Bd2 Bxg4 16. fxg4 Nxg4+ 17. Kf3 h5 18. Bh3 Qa6 19. Nf4 g5 20. Nxh5 Qd3+ 21.
Kxg4 Re4+ 22. Bf4 f5+ 23. Kxg5 Qxh3 24. Nf6+ Kf7 25. Rg1 Rh8 26. Nh5 Nd8 0-1

[Event "Mondiale Semilampo FIDE 2024"]
[Site "New York"]
[Date "26.12.2024"]
[Round "5.31"]
[White "Akobian, Varuzhan"]
[Black "Macovei, Andrei"]
[Result "1-0"]
[WhiteTitle "GM"]
[BlackTitle "IM"]
[WhiteElo "2564"]
[BlackElo "2477"]
[WhiteFideId "13300580"]
[BlackFideId "13904680"]
[EventDate "26.12.2024"]

1. d4 Nf6 2. c4 e6 3. Nf3 Bb4+ 4. Bd2 Bxd2+ 5. Qxd2 d5 6. e3 O-O 7. cxd5 exd5 8.
Nc3 Bf5 9. Be2 c6 10. b4 Nbd7 11. O-O a6 12. a4 Ne4 13. Qb2 Nxc3 14. Qxc3 Nf6
15. Rfc1 Ne4 16. Qb2 Bg4 17. b5 axb5 18. axb5 Rxa1 19. Qxa1 Qb6 20. bxc6 bxc6
21. h3 Bxf3 22. Bxf3 Nf6 23. Qa4 Rc8 24. g4 h6 25. h4 g5 26. hxg5 hxg5 27. Qc2
Qd8 28. Qf5 Nd7 29. Kg2 Rc7 30. Rh1 Qf6 31. Qh7+ Kf8 32. Ra1 Rc8 33. Ra6 Nb8 34.
Ra7 Rd8 35. Qc2 Kg7 36. Rc7 Rh8 37. Qf5 Qxf5 38. gxf5 Kf6 39. Bg4 Rd8 40. f3 Rd6
41. Kf2 Nd7 42. Ke2 Ke7 43. Kd3 Kd8 44. Ra7 Ke8 45. Bh5 c5 46. Bxf7+ Kd8 47.
dxc5 Nxc5+ 48. Kd4 Nd7 49. Be6 Nb8 50. Rg7 Rb6 51. Kxd5 Na6 52. e4 Nc7+ 53. Ke5
Ra6 54. Rxg5 Ra5+ 55. Bd5 Nxd5 56. exd5 Ke7 57. f6+ Kf8 58. Ke4 1-0

[Event "Mondiale Semilampo FIDE 2024"]
[Site "New York"]
[Date "26.12.2024"]
[Round "5.32"]
[White "Can, Isik"]
[Black "Fressinet, Laurent"]
[Result "1-0"]
[WhiteTitle "IM"]
[BlackTitle "GM"]
[WhiteElo "2499"]
[BlackElo "2588"]
[WhiteFideId "6383742"]
[BlackFideId "608742"]
[EventDate "26.12.2024"]

1. e4 e5 2. Nc3 Nf6 3. f4 d5 4. fxe5 Nxe4 5. Qf3 f5 6. d3 Nxc3 7. bxc3 d4 8. Qg3
Nc6 9. Be2 Be6 10. c4 Qd7 11. Rb1 O-O-O 12. Bf3 g6 13. Bg5 Re8 14. Bf6 Rg8 15.
Ne2 Bb4+ 16. Kd1 a5 17. Nf4 Bf7 18. Nd5 g5 19. Nxb4 axb4 20. Bxc6 Qxc6 21. Rxb4
f4 22. Qf2 g4 23. Rg1 f3 24. Kc1 Qa6 25. Kb2 fxg2 26. Qxd4 Qc6 27. Qf2 h5 28.
Rxg2 Be6 29. Rg1 b6 30. a4 Kb7 31. a5 Ra8 32. Ra1 Ra6 33. axb6 Rxa1 34. bxc7+
Kxc7 35. Kxa1 Ra8+ 36. Kb2 Ra5 37. Qd4 Bd7 38. Be7 Kc8 39. e6 Qxe6 40. Qh8+ Kc7
41. Qd8+ 1-0

[Event "Mondiale Semilampo FIDE 2024"]
[Site "New York"]
[Date "26.12.2024"]
[Round "5.33"]
[White "Mamedov, Edgar"]
[Black "Bok, Benjamin"]
[Result "1-0"]
[WhiteTitle "IM"]
[BlackTitle "GM"]
[WhiteElo "2441"]
[BlackElo "2593"]
[WhiteFideId "13739980"]
[BlackFideId "1017063"]
[EventDate "26.12.2024"]

1. Nf3 Nf6 2. c4 e6 3. Nc3 d5 4. e3 Bd6 5. b3 O-O 6. Bb2 c6 7. d4 Nbd7 8. Be2 b6
9. O-O Bb7 10. Bd3 c5 11. cxd5 Nxd5 12. Nxd5 Bxd5 13. e4 Bb7 14. d5 exd5 15.
exd5 Re8 16. Qc2 h6 17. Rad1 a6 18. Bh7+ Kh8 19. Bf5 b5 20. Rfe1 Rxe1+ 21. Rxe1
Bxd5 22. Qd2 Nf6 23. Bxf6 Qxf6 24. Qxd5 Rd8 25. Qe4 c4 26. bxc4 bxc4 27. Qe8+
Bf8 28. Qe5 Qb6 29. Bc2 Kg8 30. Qe4 g6 31. Qxc4 Bc5 32. Rf1 Rc8 33. Qb3 Qf6 34.
Be4 Re8 35. Bd5 Re7 36. g3 Kg7 37. Kg2 Ba7 38. Bc4 g5 39. Bd5 Re2 40. Bc4 Rb2
41. Qd1 g4 42. Nh4 Rxf2+ 43. Rxf2 Qxf2+ 44. Kh1 h5 45. Qf1 Qxf1+ 46. Bxf1 a5 47.
Bb5 Kf6 48. Kg2 Kg5 49. Bd7 Bb8 50. a4 Bc7 51. Nf5 f6 52. Nd4 Bb6 53. Ne6+ Kh6
54. Bb5 Be3 55. Be8 f5 56. Kf1 Bb6 57. Nf4 h4 58. Nd5 Bd8 59. Bd7 hxg3 60. hxg3
Kg5 61. Kg2 Kg6 62. Ne3 Bb6 63. Nxf5 Bc5 64. Nh4+ Kg5 65. Be6 Bb6 66. Bc8 Bc5
67. Kh2 Bb6 68. Ng2 Bc5 69. Nf4 Bb6 70. Kg2 Ba7 71. Nd3 Bd4 72. Nf2 1-0

[Event "Mondiale Semilampo FIDE 2024"]
[Site "New York"]
[Date "26.12.2024"]
[Round "5.34"]
[White "Pichot, Alan"]
[Black "Ohanyan, Emin"]
[Result "1-0"]
[WhiteTitle "GM"]
[BlackTitle "GM"]
[WhiteElo "2637"]
[BlackElo "2514"]
[WhiteFideId "110973"]
[BlackFideId "13312022"]
[EventDate "26.12.2024"]

1. e4 c5 2. Nf3 e6 3. d4 cxd4 4. Nxd4 Nf6 5. Nc3 Nc6 6. g3 d5 7. Bg2 Qb6 8. Nb3
d4 9. e5 Nd7 10. Ne2 d3 11. cxd3 Bb4+ 12. Nc3 Ndxe5 13. d4 Ng6 14. O-O O-O 15.
d5 Bxc3 16. dxc6 Bf6 17. Be3 Qc7 18. Rc1 b6 19. Qe2 e5 20. Nd2 Be6 21. Ne4 Be7
22. Nc3 a6 23. Nd5 Bxd5 24. Bxd5 Rfd8 25. Rfd1 Rd6 26. Qc4 Bf8 27. a4 Rad8 28.
Qb3 Rb8 29. h4 b5 30. h5 bxa4 31. Qb7 Rxb7 32. cxb7 Qb8 33. hxg6 Rxd5 34. Rxd5
Qxb7 35. Rd8 hxg6 36. Rcc8 g5 37. Rxf8+ Kh7 38. Rb8 Qf3 39. Bxg5 Qd1+ 40. Kg2
Qd5+ 41. Kh2 Kg6 42. Be3 Qf3 43. Rb6+ f6 44. Rxa6 Qh5+ 45. Kg2 e4 46. Rd8 Qf3+
47. Kg1 Qe2 48. Rxa4 Qxb2 49. Ra7 Qb3 50. Kg2 f5 51. Rd6+ Kh5 52. Rxg7 1-0

[Event "Mondiale Semilampo FIDE 2024"]
[Site "New York"]
[Date "26.12.2024"]
[Round "5.35"]
[White "Shimanov, Aleksandr"]
[Black "Chasin, Nico"]
[Result "1-0"]
[WhiteTitle "GM"]
[BlackTitle "IM"]
[WhiteElo "2593"]
[BlackElo "2417"]
[WhiteFideId "4198603"]
[BlackFideId "30908477"]
[EventDate "26.12.2024"]

1. Nf3 d5 2. b3 Nf6 3. Bb2 e6 4. e3 Bd6 5. g4 h6 6. Rg1 Qe7 7. d4 Nbd7 8. Nc3 c6
9. h4 h5 10. g5 Ng4 11. Qe2 e5 12. dxe5 Ngxe5 13. Nd4 Nf8 14. O-O-O Nfg6 15. Rh1
Bd7 16. Qd2 O-O-O 17. Be2 f6 18. f4 Ng4 19. Bd3 Qxe3 20. Bxg6 Bxf4 21. Qxe3
Bxe3+ 22. Kb1 Nf2 23. Nf5 Nxh1 24. Rxh1 Bf4 25. Ne2 Be5 26. Bxe5 fxe5 27. Nd6+
Kc7 28. Nf7 Bg4 29. Ng3 e4 30. Nxd8 Kxd8 31. Rf1 Bf3 32. Nf5 Kd7 33. Nd4 Bg4 34.
b4 Kd6 35. Kc1 b6 36. Kd2 c5 37. bxc5+ bxc5 38. Nb3 Bf3 39. c3 Rc8 40. Kc2 Ke5
41. Nd2 Bg4 42. Rf7 Rc6 43. Bh7 g6 44. c4 e3 45. Nf3+ Ke4 46. cxd5 Ra6 47. Ne1
Bf5 48. Kc3 Ra3+ 49. Kb2 Ra4 50. d6 Rb4+ 51. Kc3 Rb1 52. Re7+ Kd5 53. d7 Bxd7
54. Rxd7+ Ke6 55. Rd8 Rxe1 56. Bxg6 Rc1+ 57. Kb2 1-0

[Event "Mondiale Semilampo FIDE 2024"]
[Site "New York"]
[Date "26.12.2024"]
[Round "5.36"]
[White "Amartuvshin, Ganzorig"]
[Black "Bu, Xiangzhi"]
[Result "0-1"]
[WhiteTitle "IM"]
[BlackTitle "GM"]
[WhiteElo "2392"]
[BlackElo "2684"]
[WhiteFideId "4902548"]
[BlackFideId "8601445"]
[EventDate "26.12.2024"]

1. d4 Nf6 2. c4 e6 3. Nf3 d5 4. Nc3 Bb4 5. cxd5 exd5 6. Bf4 O-O 7. Rc1 c5 8. a3
Bxc3+ 9. bxc3 Nc6 10. e3 c4 11. Be2 Qa5 12. a4 Ne4 13. Qc2 h6 14. Bd1 a6 15. O-O
Bf5 16. Qb2 b5 17. Ne5 Nxe5 18. Bxe5 bxa4 19. Qa3 Nd2 20. Re1 Nb3 21. Bxb3 cxb3
22. f3 Bd3 23. e4 Qb5 24. exd5 b2 25. Rb1 Bxb1 26. Rxb1 Rab8 27. Bxb8 Rxb8 28.
d6 Qd3 29. Qa2 Qxc3 30. d7 Qxd4+ 31. Kf1 Qd3+ 32. Kg1 Qxd7 33. Rxb2 Qd1+ 0-1

[Event "Mondiale Semilampo FIDE 2024"]
[Site "New York"]
[Date "26.12.2024"]
[Round "5.37"]
[White "Lomasov, Semyon"]
[Black "Adewumi, Tanitoluwa"]
[Result "1-0"]
[WhiteTitle "GM"]
[BlackTitle "FM"]
[WhiteElo "2559"]
[BlackElo "2349"]
[WhiteFideId "24164879"]
[BlackFideId "30966396"]
[EventDate "26.12.2024"]

1. e4 c5 2. Nf3 Nc6 3. Nc3 e6 4. d4 cxd4 5. Nxd4 Nf6 6. a3 d5 7. Bb5 Bd7 8. exd5
exd5 9. O-O Be7 10. Be2 O-O 11. Bf3 Be6 12. Bf4 Bc5 13. Nb3 Bb6 14. Na4 d4 15.
Bxc6 Bxb3 16. cxb3 bxc6 17. Bg5 Qd5 18. Bxf6 gxf6 19. Qd3 Kh8 20. Rac1 Rae8 21.
Rc4 Rg8 22. g3 Rg4 23. b4 Re5 24. Nc5 h5 25. Rcc1 h4 26. Qc4 hxg3 27. fxg3 Kg7
28. Qxd5 cxd5 29. Nd3 Re3 30. Rcd1 Rge4 31. Rf2 Bc7 32. Nc5 Be5 33. Kf1 Rg4 34.
Re2 f5 35. Nd3 Bd6 36. Nf2 Rg6 37. Rxd4 Rxe2 38. Kxe2 f4 39. gxf4 Rg2 40. h3 Bc7
41. Kf3 Rg1 42. Rxd5 Rf1 43. Rd1 Rxf2+ 44. Kxf2 Bxf4 45. Kf3 1-0

[Event "Mondiale Semilampo FIDE 2024"]
[Site "New York"]
[Date "26.12.2024"]
[Round "5.38"]
[White "Hardaway, Brewington"]
[Black "Tari, Aryan"]
[Result "1/2-1/2"]
[WhiteTitle "IM"]
[BlackTitle "GM"]
[WhiteElo "2499"]
[BlackElo "2629"]
[WhiteFideId "30941849"]
[BlackFideId "1510045"]
[EventDate "26.12.2024"]

1. e4 e5 2. Nf3 Nc6 3. Bc4 Nf6 4. d3 Bc5 5. Nc3 h6 6. h3 a6 7. a4 d6 8. Be3 O-O
9. Bxc5 dxc5 10. O-O Be6 11. Nd2 Qe8 12. a5 Rd8 13. Bxe6 fxe6 14. Nc4 Nd7 15.
Ne2 Nf6 16. Nc3 Nd7 17. Ne2 Nf6 1/2-1/2